Friedenskirchen, Gnadenkirchen und Bethäuser - sichtbare Zeichen der Reformation in Schlesien

Titel: Friedenskirchen, Gnadenkirchen und Bethäuser - sichtbare Zeichen der Reformation in Schlesien / Dr. Inge Steinsträßer
Verfasser:
In: Auf historischer Spurensuche im Bobertal... ; Bd. 3. Seminarband ... der 3. Bobertaltagung 2016, (2018), Seite 822-829
alle Artikel anzeigen
Veröffentlicht: 2018
Format: Aufsatz
Sprache: Deutsch
Schlagworte:
Kein Bild verfügbar
X
alg: 48481457
001A    $03025:27-08-21 
001B    $01999:27-08-21 $t22:30:47.000 
001D    $03025:27-08-21 
001U    $0utf8 
001X    $00 
002@    $0Aou 
002C    $aText $btxt $2rdacontent 
002D    $aohne Hilfsmittel zu benutzen $bn $2rdamedia 
002E    $aBand $bnc $2rdacarrier 
003@    $0484814575 
007A    $0484814575 $aHEB 
010@    $ager 
010E    $erda 
011@    $a2018 
021A    $aFriedenskirchen, Gnadenkirchen und Bethäuser - sichtbare Zeichen der Reformation in Schlesien $hDr. Inge Steinsträßer 
028A    $BVerfasser $4aut $7139430253 $8Steinsträßer, Inge [Tp3] $9216619696 
031A    $h822-829 $j2018 
039B    $aEnthalten in $8--Afx--. Auf historischer Spurensuche im Bobertal... ; Bd. 3. Seminarband ... der 3. Bobertaltagung 2016. - Würzburg : Stiftung Kulturwerk Schlesien, 2018. - 811 - 1187 Seiten, [32] ungezählte Seiten. - Illustrationen. - ISBN 978-3-929817-09-6 $x201800000000000178 $9438600185 
044K    $RPolen $RNiederschlesien $ROberschlesien $RNiederschlesien $ROberschlesien $#Schlesien $#Schlesien $#Herzogtum Schlesien $#Herzogtum Schlesien Schlesien $#Provinz Schlesien $#Śla̜sk $#Slezsko $#Silesia $74052678-1 $8Schlesien [Tg1] $9085146781 
044K    $REkklesiologie $RKirchengemeinde $RChristentum $RVolk Gottes $REkklesia $#Church $#Église $#Christliche Kirche $74030702-5 $8Kirche [Ts1] $9085081329 
044K    $RReformator $RReformatorin $#Reformation $#Réforme protestante $#Reforma $#Reformation $74048946-2 $8Reformation [Ts1] $9085136344 
045F    $a200.943850903 $eDDC23BSB 
045F/01 $a200.9 
045F/03 $f0903 
045F/03 $g4385 
045F/03 $g438 
045G    $a709.43850903 $eDDC23BSB 
045G/01 $a709 
045G/03 $f0903 
045G/03 $g4385 
045G/03 $g438 
045R    $aGeschichte 1518-2016 

lok: 48481457 78

exp: 48481457 78 1 #EPN
201B/01 $027-08-21 $t13:31:28.000 
201C/01 $027-08-21 
201U/01 $0utf8 
203@/01 $01166033511 
208@/01 $a27-08-21 $be 
209A/01 $a/ $f000 $x00 
209A/01 $ab*p $x01 
220C/01 $apgar 
244Z/01 $#Schlesien $#Schlesien $#Herzogtum Schlesien $#Herzogtum Schlesien Schlesien $#Provinz Schlesien $#Śla̜sk $#Slezsko $#Silesia $74052678-1 $8--Tg1--Schlesien $x01 $9085146781 
247C/01 $82080>Marburg/Lahn, Herder-Institut, Forschungsbibliothek, Bibliographieportal $9336309341
LEADER 00000caa a2200000 c 4500
001 484814575
003 DE-603
005 20210827223047.0
007 tu
008 210827s2018 xx |||| | u00||u|ger c
035 |a (DE-599)HEB484814575 
040 |a DE-603  |b ger  |c DE-603  |d DE-603  |e rda 
041 |a ger 
082 0 4 |8 1\u  |a 200.943850903  |q DE-101  |2 23/BSB 
083 0 |8 2\u  |a 709.43850903  |q DE-101  |2 23/BSB 
085 |8 1\u  |b 200.9 
085 |8 1\u  |z 1  |s 0903 
085 |8 1\u  |z 2  |s 4385 
085 |8 1\u  |z 2  |s 438 
085 |8 2\u  |b 709 
085 |8 2\u  |z 1  |s 0903 
085 |8 2\u  |z 2  |s 4385 
085 |8 2\u  |z 2  |s 438 
100 1 |a Steinsträßer, Inge  |e Verfasser  |4 aut  |0 (DE-603)216619696  |0 (DE-588)139430253  |2 gnd 
245 0 0 |a Friedenskirchen, Gnadenkirchen und Bethäuser - sichtbare Zeichen der Reformation in Schlesien  |c Dr. Inge Steinsträßer 
264 0 |c 2018 
336 |a Text  |b txt  |2 rdacontent 
337 |a ohne Hilfsmittel zu benutzen  |b n  |2 rdamedia 
338 |a Band  |b nc  |2 rdacarrier 
648 7 |a Geschichte 1518-2016  |2 gnd 
650 7 |a Kirche  |0 (DE-588)4030702-5  |0 (DE-603)085081329  |2 gnd 
650 7 |a Reformation  |0 (DE-588)4048946-2  |0 (DE-603)085136344  |2 gnd 
651 7 |a Schlesien  |0 (DE-588)4052678-1  |0 (DE-603)085146781  |2 gnd 
773 0 8 |i Enthalten in  |t Auf historischer Spurensuche im Bobertal... ; Bd. 3. Seminarband ... der 3. Bobertaltagung 2016  |d Würzburg : Stiftung Kulturwerk Schlesien, 2018  |h 811 - 1187 Seiten, [32] ungezählte Seiten, Illustrationen  |z 9783929817096  |g (2018), Seite 822-829  |w (DE-603)438600185 
924 0 |9 2080  |a (DE-603)1166033511  |b DE-2080  |c HES  |d d  |g /